000 00862nam a2200265 a 4500
001 000031810
005 20251030152032.0
008 110706nuuuuuuuudr ac f 000 0dspa d
040 _aDO-SdBNP
_bspa
_cBNPHU
041 1 7 _aspa
_beng
_2MARC
082 _a700.92
_bN218w
100 1 _aNaranjo, Yolanda,
_d1968-
_958024
245 1 0 _aWelcome /
_cYolanda Naranjo ; presentación de Ada Balcácer.
260 _a[Santo Domingo :
_bs.n.,
_c20--?].
300 _a[78] p. :
_bil., retrs. ;
_c18 cm.
546 _aInglés, Español.
590 _aInventariado, 2018/LP
650 4 _aArtistas dominicanos
_958025
650 4 _aMujeres artistas
_958026
650 4 _aGrabadores dominicanos
_958027
650 0 _aArte contemporáneo
_919845
650 4 _aArte dominicano
_937843
700 _aBalcácer, Ada
_epresent.
_924847
910 _aValidado. Control de calidad EMS
999 _c31302
_d31302